Държавите в Океания - Statistics

General Stats
  • This quiz has been taken 70 times
  • The average score is 10 of 14
Answers on the Map
Answers color-coded by a green-red scale on the quiz's map according to % correct below.
 
Answer Stats
Country % Correct
Австралия
100%
Нова Зеландия
94%
Папуа Нова Гвинея
86%
Фиджи
77%
Вануату
69%
Кирибати
63%
Науру
63%
Маршали
60%
Микронезия
60%
Самоа
60%
Соломонови острови
60%
Палау
57%
Тонга
57%
Тувалу
54%
No matching quizzes found
Score Distribution
Percent of People with Each Score
Percentile by Number Answered
Your Score History
You have not taken this quiz